<?xml version="1.0" encoding="UTF-8"?>
<record
    xmlns:xsi="http://www.w3.org/2001/XMLSchema-instance"
    xsi:schemaLocation="http://www.loc.gov/MARC21/slim http://www.loc.gov/standards/marcxml/schema/MARC21slim.xsd"
    xmlns="http://www.loc.gov/MARC21/slim">

  <leader>00675nam a2200145   4500</leader>
  <controlfield tag="008">779.092 R788n</controlfield>
  <datafield tag="020" ind1=" " ind2=" ">
    <subfield code="a">9786188293816</subfield>
  </datafield>
  <datafield tag="082" ind1=" " ind2=" ">
    <subfield code="a">779.092</subfield>
    <subfield code="b">R788n</subfield>
  </datafield>
  <datafield tag="100" ind1=" " ind2=" ">
    <subfield code="a">Alexandropoulou, Electra (editora)</subfield>
    <subfield code="9">7010</subfield>
  </datafield>
  <datafield tag="245" ind1=" " ind2=" ">
    <subfield code="a">No Direction Home</subfield>
  </datafield>
  <datafield tag="260" ind1=" " ind2=" ">
    <subfield code="a">Grecia</subfield>
    <subfield code="b">Rosa-Luxemburg-Stiftung</subfield>
    <subfield code="c">2016</subfield>
  </datafield>
  <datafield tag="300" ind1=" " ind2=" ">
    <subfield code="a">160 p.</subfield>
    <subfield code="b">il (col)</subfield>
    <subfield code="c">26 x 20 cm</subfield>
  </datafield>
  <datafield tag="505" ind1=" " ind2=" ">
    <subfield code="t">Saving the present from amnesia </subfield>
    <subfield code="r">Electra Alexandropoulou</subfield>
    <subfield code="t">Syria</subfield>
    <subfield code="t">Kobani - Suruc </subfield>
    <subfield code="t">Islands</subfield>
    <subfield code="t">Piraeus</subfield>
    <subfield code="t">Attica</subfield>
    <subfield code="t">Squats</subfield>
    <subfield code="t">Camps in nothern Greece </subfield>
    <subfield code="t">To the borders </subfield>
    <subfield code="t">Idomeni </subfield>
    <subfield code="t">Balkan route </subfield>
    <subfield code="t">Calais</subfield>
    <subfield code="t">Photo index</subfield>
    <subfield code="t">Sources </subfield>
  </datafield>
  <datafield tag="650" ind1=" " ind2=" ">
    <subfield code="x">arte contempor&#xE1;neo </subfield>
    <subfield code="x">Siria - guerra civil</subfield>
    <subfield code="x">refugiados - fotograf&#xED;a </subfield>
    <subfield code="x">Grecia - refugiados </subfield>
    <subfield code="9">7011</subfield>
  </datafield>
  <datafield tag="999" ind1=" " ind2=" ">
    <subfield code="c">1772</subfield>
    <subfield code="d">1772</subfield>
  </datafield>
  <datafield tag="952" ind1=" " ind2=" ">
    <subfield code="0">0</subfield>
    <subfield code="1">0</subfield>
    <subfield code="2">ddc</subfield>
    <subfield code="4">0</subfield>
    <subfield code="7">0</subfield>
    <subfield code="a">LV</subfield>
    <subfield code="b">LV</subfield>
    <subfield code="c">Gr&#xE1;fica</subfield>
    <subfield code="d">2019-05-02</subfield>
    <subfield code="l">0</subfield>
    <subfield code="o">779.092 R788n</subfield>
    <subfield code="p">004786</subfield>
    <subfield code="r">2019-05-02 00:00:00</subfield>
    <subfield code="w">2019-05-02</subfield>
    <subfield code="y">01</subfield>
  </datafield>
</record>
